| 000 | 00541nam a2200145 4500 | ||
|---|---|---|---|
| 999 |
_c80651 _d80651 |
||
| 008 | 210203b ||||| |||| 00| 0 eng d | ||
| 040 |
_aISIL EINTRAGEN _bger _cISIL EINTRAGEN _erda |
||
| 100 | _aKlemm, Bernhard: | ||
| 245 |
_aDie Moderne der 1920er Jahre im Frankfurter Westen / _cBernhard Klemm |
||
| 773 |
_tUnbekannte Moderne Neue Städte Neue Menschen _dCottbus ; Frankfurt (Oder): Brandenburgisches Landesmuseum für Moderne Kunst, [2020] _gS. 110-119 |
||
| 942 | _cA | ||